00621nam a2200205Ia 450000500170000000800410001702000130005804000190007104100120009008200150010210000220011724500640013926000330020330000110023665000200024785000100026794200070027799900170028495201140030120241106112205.0131103s9999 xx 000 0 und d cRs.77.00 aLoreto College aEnglish a900/NbCHA aChaudhuri, Kalyan 2aA new history of indiab ix - x combined cKalyan Chaudhuri aKolkatabOriental bookc2010 a257p.  aHistory - India aLCBED cBK c38158d88637 00102ddc4070aMAINbMAINd2013-11-04l2o900/N CHA 14820pB41520r2014-02-08s2014-01-27w2013-11-04yBKf